Normal view
MARC view
- ISLAM-MUSLIM WOMEN WOMEN IN ISLAM ISLAM-MUSALMAN AURAT KA KIRDAR
Entry Topical Term
001 - CONTROL NUMBER
- control field: 78803
003 - CONTROL NUMBER IDENTIFIER
- control field: NUST
005 - DATE AND TIME OF LATEST TRANSACTION
- control field: 20210628210252.0
008 - FIXED-LENGTH DATA ELEMENTS
- fixed length control field: 210628|| aca||aabn | a|a d
040 ## - CATALOGING SOURCE
- Original cataloging agency: NUST
- Transcribing agency: NUST
150 ## - HEADING--TOPICAL TERM
- Topical term or geographic name entry element: ISLAM-MUSLIM WOMEN WOMEN IN ISLAM ISLAM-MUSALMAN AURAT KA KIRDAR
670 ## - SOURCE DATA FOUND
- Source citation: Work cat.: (NUST): Afzal Ur Rehman Muhammad Ayub Munir 78802, Doray jadeed main musalman aurat ka kirdar, 1994
